[Event "Montreal op"]
[Site "Montreal CAN"]
[Date "2025.09.07"]
[Round "7.22"]
[White "Charaf, Bassel"]
[Black "Both, Aaron"]
[Result "1/2-1/2"]
[WhiteElo "2003"]
[BlackElo "1917"]
[WhiteFideId "-1"]
[WhiteFideId "-1"]
[PlyCount "118"]
[GameId "2221009992048916"]
[EventDate "2025.09.03"]
[EventType "swiss"]
[EventRounds "7"]
[EventCountry "CAN"]

1. b3 f5 2. Bb2 d6 3. e3 Nc6 4. Qh5+ g6 5. Qh4 Nf6 6. Bxf6 exf6 7. Nf3 Be6 8. Bb5 a6 9. Bxc6+ bxc6 10. O-O Bg7 11. Qa4 Bd7 12. c4 c5 13. Qa3 g5 14. Nc3 h5 15. d4 g4 16. Nh4 cxd4 17. exd4 Kf7 18. Rae1 Bh6 19. Nd5 Bf8 20. f3 c6 21. Nf4 d5 22. Qc1 Bh6 23. fxg4 hxg4 24. Nhg6 Re8 25. cxd5 cxd5 26. Qc5 Bb5 27. Rxe8 Qxe8 28. Qxd5+ Kg7 29. Ne6+ Kh7 30. Ngf4 Bxf1 31. Qxf5+ Kh8 32. Qxf6+ Kh7 33. Qf5+ Kh8 34. Qf6+ Kh7 35. Kxf1 Rc8 36. Qf5+ Kh8 37. Ng6+ Kg8 38. Nc5 Rc7 39. Ne5 Qf8 40. Qxf8+ Bxf8 41. Nxa6 Rc1+ 42. Kf2 Rc2+ 43. Kg3 Rxa2 44. Nc5 Rd2 45. Ncd3 Bd6 46. Kxg4 Rxg2+ 47. Kf5 Rxh2 48. Ke6 Bb8 49. Nc6 Rh3 50. Ndb4 Rxb3 51. d5 Bh2 52. Ne7+ Kh7 53. Nbc6 Re3+ 54. Kf7 Bd6 55. Nf5 Rd3 56. Nxd6 Rxd5 57. Ne4 Rd1 58. Nf6+ Kh6 59. Ne7 Rf1 1/2-1/2

[Event "Montreal op"]
[Site "Montreal CAN"]
[Date "2025.09.07"]
[Round "7.23"]
[White "Gueorguiev, Valentin"]
[Black "Morin-Pare, Victor"]
[Result "1-0"]
[WhiteElo "1933"]
[BlackElo "1873"]
[WhiteFideId "-1"]
[WhiteFideId "-1"]
[PlyCount "99"]
[GameId "2221028886331679"]
[EventDate "2025.09.03"]
[EventType "swiss"]
[EventRounds "7"]
[EventCountry "CAN"]

1. d4 Nf6 2. Bf4 e6 3. e3 c5 4. Nd2 b6 5. Ngf3 Be7 6. Nc4 d6 7. a4 O-O 8. Bd3 Bb7 9. h3 cxd4 10. exd4 Na6 11. c3 Nc7 12. O-O Ncd5 13. Bh2 Rc8 14. Re1 Ba6 15. Nxd6 Bxd6 16. Bxa6 Bxh2+ 17. Nxh2 Rc7 18. Nf3 Nh5 19. Re4 Qf6 20. Bf1 Rb8 21. Ne5 g6 22. Qf3 Qe7 23. Ree1 Ng7 24. c4 Nb4 25. Rac1 Rbc8 26. b3 Nf5 27. Qf4 Rd8 28. d5 f6 29. Ng4 e5 30. Qd2 Na6 31. Rc3 h5 32. Nh6+ Nxh6 33. Qxh6 Qg7 34. Qd2 Qd7 35. Rg3 Qe8 36. Bd3 Rg7 37. Qh6 Qe7 38. Bxg6 Nc5 39. Qxh5 a5 40. Ree3 Rd7 41. Bf5 Rg5 42. Bxd7 Nxd7 43. Rxg5+ fxg5 44. Qg6+ Qg7 45. Qxg7+ Kxg7 46. h4 gxh4 47. Re4 Kf6 48. Rxh4 Kf5 49. Rh6 Ke4 50. Rd6 1-0

[Event "Montreal op"]
[Site "Montreal CAN"]
[Date "2025.09.07"]
[Round "7.24"]
[White "Jacquet, Stephane"]
[Black "Zhang, Yitian"]
[Result "1-0"]
[WhiteElo "1931"]
[BlackElo "1833"]
[WhiteFideId "-1"]
[WhiteFideId "-1"]
[PlyCount "117"]
[GameId "2221034006208810"]
[EventDate "2025.09.03"]
[EventType "swiss"]
[EventRounds "7"]
[EventCountry "CAN"]

1. d4 d5 2. c4 e6 3. Nc3 Nf6 4. Nf3 Be7 5. cxd5 exd5 6. Bf4 c6 7. e3 Bf5 8. Nh4 Bg4 9. Qc2 O-O 10. Bd3 Nbd7 11. h3 Be6 12. O-O h6 13. Nf5 Bxf5 14. Bxf5 Re8 15. Rac1 Nb6 16. Qb3 Bd6 17. Ne2 Ne4 18. Bxe4 Rxe4 19. a4 Bxf4 20. Nxf4 Qd7 21. Nd3 Re7 22. Ne5 Qc8 23. a5 Nd7 24. Nd3 a6 25. Qb4 Kf8 26. Rc3 Nf6 27. Nc5 Ne8 28. e4 Nf6 29. e5 Ne8 30. f4 f5 31. Kh1 g6 32. Rg1 h5 33. Rg3 Kf7 34. Rg5 Ng7 35. Qe1 Ne6 36. Nxe6 Rxe6 37. Qh4 Qh8 38. Rc1 Rg8 39. Kg1 Ree8 40. Rc3 Qg7 41. Rcg3 Qh8 42. Rb3 Rb8 43. g4 hxg4 44. Qxh8 Rxh8 45. hxg4 fxg4 46. Rxg4 Rhg8 47. Kf2 Ke6 48. Rg5 Ke7 49. Rh3 Rbf8 50. Ke3 Rg7 51. Rhg3 Kf7 52. f5 Rfg8 53. Rxg6 Rxg6 54. Rxg6 Rxg6 55. fxg6+ Kxg6 56. Kf4 Kf7 57. b4 Ke6 58. Kg5 Ke7 59. Kf5 1-0

[Event "Montreal op"]
[Site "Montreal CAN"]
[Date "2025.09.07"]
[Round "7.25"]
[White "Huynh, Nhu Phuong Nghi"]
[Black "Buzhor, Danil"]
[Result "1-0"]
[WhiteElo "1400"]
[BlackElo "1913"]
[WhiteFideId "-1"]
[WhiteFideId "-1"]
[PlyCount "52"]
[GameId "2221230348816690"]
[EventDate "2025.09.03"]
[EventType "swiss"]
[EventRounds "7"]
[EventCountry "CAN"]

1. d4 c5 2. c4 cxd4 3. Qxd4 Nc6 4. Qd1 Nf6 5. Nc3 g6 6. Nf3 Bg7 7. e4 d6 8. Be2 O-O 9. O-O Be6 10. Ng5 Rc8 11. Nxe6 fxe6 12. Be3 a6 13. Rc1 Qa5 14. a3 Ne5 15. Qb3 Rc6 16. Qxb7 Nfd7 17. Qb3 Qc7 18. f4 Nxc4 19. Bxc4 Rxc4 20. Ne2 d5 21. e5 Rb8 22. Rxc4 dxc4 23. Qc2 Rb6 24. Bf2 g5 25. Nd4 Nc5 26. Nb3 Nxb3 1-0

[Event "Montreal op"]
[Site "Montreal CAN"]
[Date "2025.09.07"]
[Round "7.26"]
[White "Beaupre, Eugene jr"]
[Black "Wu, Ting En Ryan"]
[Result "1/2-1/2"]
[WhiteElo "1895"]
[BlackElo "1743"]
[WhiteFideId "-1"]
[WhiteFideId "-1"]
[PlyCount "97"]
[GameId "2221231641825594"]
[EventDate "2025.09.03"]
[EventType "swiss"]
[EventRounds "7"]
[EventCountry "CAN"]

1. e4 c5 2. Nf3 Nc6 3. d4 cxd4 4. Nxd4 e5 5. Nb5 d6 6. N1c3 a6 7. Na3 b5 8. Nd5 Nge7 9. Bg5 f6 10. Qh5+ g6 11. Nxf6+ Kf7 12. Qh4 h6 13. Nd5 hxg5 14. Qxh8 Qa5+ 15. c3 Bg7 16. Qh7 Be6 17. O-O-O Rh8 18. Qxh8 Bxh8 19. f3 Nc8 20. Be2 Bf6 21. g4 Bd8 22. Kb1 Nb8 23. Nc2 Bxd5 24. Rxd5 Qc7 25. Rhd1 Be7 26. Ne3 Nb6 27. R5d2 N8d7 28. a4 Qc5 29. Nd5 Nxa4 30. b4 Qc6 31. Rc1 Ndb6 32. Bd1 Nxd5 33. Bb3 Nab6 34. Rxd5 Kg7 35. Rd3 Nc4 36. Kc2 a5 37. bxa5 Nxa5 38. Bd5 Qc5 39. Ra1 Nc4 40. Bxc4 bxc4 41. Rd2 Qb5 42. Rb1 Qa4+ 43. Kc1 d5 44. Rxd5 Qa3+ 45. Kc2 Qa4+ 46. Kc1 Bc5 47. Rb7+ Kf6 48. Kb1 Qc6 49. Rdd7 1/2-1/2

[Event "Montreal op"]
[Site "Montreal CAN"]
[Date "2025.09.07"]
[Round "7.27"]
[White "Kiryakov, Marin"]
[Black "Lalande, Auguste"]
[Result "1-0"]
[WhiteElo "1895"]
[BlackElo "1400"]
[WhiteFideId "-1"]
[WhiteFideId "-1"]
[PlyCount "87"]
[GameId "2221233839563074"]
[EventDate "2025.09.03"]
[EventType "swiss"]
[EventRounds "7"]
[EventCountry "CAN"]

1. e4 c5 2. Nf3 g6 3. d4 cxd4 4. Qxd4 Nf6 5. Nc3 Nc6 6. Qa4 d6 7. e5 dxe5 8. Nxe5 Qd4 9. Nxc6 Qxa4 10. Nxa4 bxc6 11. Be3 Bg7 12. O-O-O Nd5 13. Bc5 e5 14. c3 f5 15. Bc4 Be6 16. Rhe1 e4 17. Ba6 Bc8 18. Bxc8 Rxc8 19. f3 Kf7 20. fxe4 fxe4 21. Rxe4 Rhe8 22. Rde1 Rxe4 23. Rxe4 Rc7 24. Kc2 Rd7 25. Bf2 Nf6 26. Re2 Ng4 27. Nc5 Rd5 28. Bg1 Nxh2 29. Ne4 Ng4 30. Bxa7 h5 31. Bc5 Be5 32. b4 Ke6 33. a4 Kf5 34. a5 Bf4 35. a6 Rd8 36. a7 Bc7 37. Nd6+ Bxd6 38. Bxd6 Ra8 39. Bb8 g5 40. c4 Nf6 41. Rf2+ Ke6 42. Rxf6+ Kxf6 43. b5 cxb5 44. cxb5 1-0

[Event "Montreal op"]
[Site "Montreal CAN"]
[Date "2025.09.07"]
[Round "7.28"]
[White "Di Matteo, Alessio"]
[Black "Nagelberg, Alan"]
[Result "1-0"]
[WhiteElo "1876"]
[BlackElo "1881"]
[WhiteFideId "-1"]
[WhiteFideId "-1"]
[PlyCount "87"]
[GameId "2221240633958730"]
[EventDate "2025.09.03"]
[EventType "swiss"]
[EventRounds "7"]
[EventCountry "CAN"]

1. d4 d5 2. c4 dxc4 3. e4 b5 4. a4 c6 5. axb5 cxb5 6. Nc3 Qb6 7. Nd5 Qb7 8. Bf4 e5 9. Bxe5 Nd7 10. Bf4 Kd8 11. Bc7+ Ke8 12. Bf4 Ngf6 13. Nc7+ Kd8 14. Nxa8 Qxe4+ 15. Ne2 Qxa8 16. b3 Nd5 17. Bd2 Bb4 18. bxc4 bxc4 19. Qc2 N7b6 20. Kd1 Bg4 21. f3 c3 22. Bc1 Nc4 23. Ke1 Bh5 24. Ng3 Bg6 25. Qa2 c2+ 26. Kf2 Bc3 27. Bxc4 Bxd4+ 28. Kf1 Bxa1 29. Qxa1 Nb6 30. Qd4+ Kc7 31. Bf4+ Kb7 32. Bd5+ Nxd5 33. Qxd5+ Ka6 34. Qd6+ Kb5 35. Ne2 Rd8 36. Qe5+ Ka6 37. Qa1+ Kb7 38. Qb2+ Kc6 39. Qxc2+ Kd7 40. Kf2 f6 41. Re1 Rc8 42. Qd3+ Ke7 43. Qa3+ Kd7 44. Qd6+ 1-0

[Event "Montreal op"]
[Site "Montreal CAN"]
[Date "2025.09.07"]
[Round "7.29"]
[White "Fodil, Abderrahmane"]
[Black "Rondon, Luciano"]
[Result "1/2-1/2"]
[WhiteElo "1400"]
[BlackElo "1950"]
[WhiteFideId "-1"]
[WhiteFideId "-1"]
[PlyCount "72"]
[GameId "2221274237509976"]
[EventDate "2025.09.03"]
[EventType "swiss"]
[EventRounds "7"]
[EventCountry "CAN"]

1. e4 c5 2. Nf3 d6 3. Bc4 e6 4. Nc3 Nf6 5. d4 cxd4 6. Nxd4 a6 7. O-O b5 8. Bd3 Bb7 9. f3 Be7 10. Be3 Nbd7 11. Qd2 d5 12. exd5 Nxd5 13. Nxd5 Bxd5 14. Be4 Bxe4 15. fxe4 Rc8 16. Qf2 O-O 17. Rad1 Qc7 18. c3 Nf6 19. Qf3 b4 20. Rc1 bxc3 21. Rxc3 Qb7 22. e5 Qxf3 23. Rxf3 Nd5 24. Rc6 Nxe3 25. Rxe3 Rxc6 26. Nxc6 Bc5 27. Kf2 f5 28. Kf3 Bxe3 29. Kxe3 Kf7 30. Kd4 g5 31. h3 Ke8 32. Nb8 Ke7 33. Nxa6 Rd8+ 34. Kc3 Rc8+ 35. Kd2 Rd8+ 36. Kc2 Rc8+ 1/2-1/2

[Event "Morphy"]
[Site "Gatineau CAN"]
[Date "2025.01.14"]
[Round "1"]
[White "Berthiaume, Maxime"]
[Black "Scantland, Patrick"]
[Result "0-1"]
[WhiteElo "1211"]
[BlackElo "1635"]
[WhiteFideId "-1"]
[WhiteFideId "-1"]
[PlyCount "54"]
[GameId "2136988882833526"]
[EventDate "2025.01.14"]
[EventType "swiss"]
[EventRounds "7"]
[EventCountry "CAN"]

1. Nf3 Nf6 2. c4 d6 3. Nc3 g6 4. g3 Bg7 5. Bg2 O-O 6. O-O Re8 7. Qc2 Nc6 8. a3 e5 9. d3 Bg4 10. e3 Qd7 11. Bd2 Bh3 12. b4 Bxg2 13. Kxg2 Rad8 14. Rad1 Ne7 15. c5 Qc6 16. e4 Nd7 17. Be3 dxc5 18. b5 Qd6 19. Qb3 b6 20. Nd2 Nf8 21. Nc4 Qd7 22. f4 exf4 23. Bxf4 Ne6 24. Ne5 Nxf4+ 25. gxf4 Bxe5 26. fxe5 Qe6 27. Qa4 Qxe5 0-1

[Event "Morphy"]
[Site "Gatineau CAN"]
[Date "2025.01.14"]
[Round "1"]
[White "Blais, Robert"]
[Black "Lattafi, Youcef"]
[Result "0-1"]
[WhiteElo "1405"]
[BlackElo "1862"]
[WhiteFideId "-1"]
[WhiteFideId "-1"]
[PlyCount "46"]
[GameId "2135377793730295"]
[EventDate "2025.01.14"]
[EventType "swiss"]
[EventRounds "7"]
[EventCountry "CAN"]

1. e4 c5 2. Nf3 d6 3. d4 cxd4 4. Nxd4 Nf6 5. Nc3 a6 6. Bd3 e5 7. Nb3 Be7 8. Be3 Ng4 9. Nd5 Nxe3 10. Nxe3 Be6 11. Bc4 O-O 12. O-O Nd7 13. Nd5 Bg5 14. Nd2 Rc8 15. Bb3 Kh8 16. Nc4 Nc5 17. Re1 g6 18. g4 b5 19. Nd2 Bxd2 20. Qxd2 Bxg4 21. Qh6 f5 22. exf5 Rxf5 23. Qd2 Bf3 0-1

[Event "Morphy"]
[Site "Gatineau CAN"]
[Date "2025.01.14"]
[Round "1"]
[White "Dupont-Mageau, Nicolas"]
[Black "Filion, Yves"]
[Result "1-0"]
[WhiteElo "1848"]
[BlackElo "1398"]
[WhiteFideId "-1"]
[WhiteFideId "-1"]
[PlyCount "81"]
[GameId "2135377793734394"]
[EventDate "2025.01.14"]
[EventType "swiss"]
[EventRounds "7"]
[EventCountry "CAN"]

1. e4 d5 2. exd5 Qxd5 3. Nc3 Qd8 4. Nf3 Nf6 5. d4 c6 6. Bc4 Bf5 7. Bg5 e6 8. Qd2 Be7 9. O-O Nbd7 10. Rfe1 O-O 11. Nh4 Bg6 12. Nxg6 hxg6 13. Qf4 Nd5 14. Bxe7 Nxf4 15. Bxd8 Raxd8 16. g3 Nd5 17. Nxd5 exd5 18. Bd3 Rde8 19. f4 f5 20. Kf2 Nf6 21. h3 Ne4+ 22. Bxe4 dxe4 23. Re3 Rd8 24. Rd1 Rf7 25. Ra3 b6 26. Ke3 Rfd7 27. c4 Kf7 28. Ra6 c5 29. d5 Kf6 30. h4 Ke7 31. a4 Rb8 32. Rb1 Rbb7 33. b4 cxb4 34. Rxb4 Rdc7 35. Kd4 Kf7 36. a5 bxa5 37. Rxb7 Rxb7 38. Rxa5 Re7 39. d6 Rd7 40. Ke5 Rd8 41. Rxa7+ 1-0

[Event "Morphy"]
[Site "Gatineau CAN"]
[Date "2025.01.14"]
[Round "1"]
[White "Filion, Samuel"]
[Black "Desroches, Maxime"]
[Result "1-0"]
[WhiteElo "1677"]
[BlackElo "1228"]
[WhiteFideId "-1"]
[WhiteFideId "-1"]
[PlyCount "85"]
[GameId "2136988882833525"]
[EventDate "2025.01.14"]
[EventType "swiss"]
[EventRounds "7"]
[EventCountry "CAN"]

1. Nf3 Nf6 2. g3 c5 3. Bg2 d5 4. O-O e6 5. c4 Nc6 6. d4 Be7 7. Nc3 dxc4 8. dxc5 Qxd1 9. Rxd1 O-O 10. Nd2 Rd8 11. Nxc4 Rxd1+ 12. Nxd1 Bxc5 13. Nc3 Bd7 14. Bf4 h6 15. Rd1 Rc8 16. Nd6 Bxd6 17. Rxd6 g5 18. Be3 Ne5 19. Rd1 Nc6 20. Nb5 Ne7 21. Nd6 Rc2 22. Nxb7 Nfd5 23. Bc5 Bc6 24. Bxe7 Nxe7 25. Rd8+ Kg7 26. Bxc6 Nxc6 27. Rc8 Rxb2 28. Rxc6 Rxb7 29. Ra6 Kf6 30. Kg2 Ke7 31. Kf3 f5 32. h3 Kf6 33. e4 fxe4+ 34. Kxe4 Rb4+ 35. Kf3 Rb7 36. Kg4 Rd7 37. a4 Re7 38. Kh5 Rc7 39. Kxh6 Rb7 40. Kh5 Rh7+ 41. Kg4 Rb7 42. Ra5 Rg7 43. f3 1-0

[Event "Morphy"]
[Site "Gatineau CAN"]
[Date "2025.01.14"]
[Round "1"]
[White "Gagne, Raphael"]
[Black "Chenier, Raphael"]
[Result "0-1"]
[WhiteElo "1278"]
[BlackElo "1723"]
[WhiteFideId "-1"]
[WhiteFideId "-1"]
[PlyCount "102"]
[GameId "2135377793357554"]
[EventDate "2025.01.14"]
[EventType "swiss"]
[EventRounds "7"]
[EventCountry "CAN"]

1. d4 Nf6 2. Bf4 g6 3. e3 Bg7 4. Bd3 d6 5. Nf3 O-O 6. O-O Nbd7 7. c3 Re8 8. Qc2 e5 9. Bg5 h6 10. Bxf6 Nxf6 11. Nbd2 Nh5 12. dxe5 dxe5 13. Rad1 Bd7 14. Bc4 Bf5 15. e4 Bd7 16. Qb3 Qe7 17. Rfe1 Bc6 18. Nf1 Rad8 19. Bd5 Bxd5 20. Rxd5 c6 21. Rdd1 Nf4 22. Ng3 Kh7 23. Qc2 h5 24. Rxd8 Rxd8 25. Rd1 Bf6 26. Qb3 Rxd1+ 27. Qxd1 Qe6 28. Qa4 h4 29. Nf1 Nxg2 30. Kxg2 Qg4+ 31. Ng3 h3+ 32. Kf1 Qxf3 33. Ke1 Bh4 34. Qxa7 Bxg3 35. fxg3 Qxe4+ 36. Kd1 Qb1+ 37. Ke2 Qxb2+ 38. Kf1 Qg2+ 39. Ke1 Qxh2 40. Qf2 Qxf2+ 41. Kxf2 e4 42. Kf1 e3 43. Kg1 e2 44. Kf2 h2 45. Ke1 h1=Q+ 46. Kd2 e1=Q+ 47. Kc2 Qhe4+ 48. Kb2 Qd2+ 49. Kb3 Qed5+ 50. Ka3 Qxc3+ 51. Ka4 Qda5# 0-1

[Event "Morphy"]
[Site "Gatineau CAN"]
[Date "2025.01.14"]
[Round "1"]
[White "Latreille, Etienne"]
[Black "Collin, Achille"]
[Result "1-0"]
[WhiteElo "2075"]
[BlackElo "1407"]
[WhiteFideId "-1"]
[WhiteFideId "-1"]
[PlyCount "91"]
[GameId "2135377793730297"]
[EventDate "2025.01.14"]
[EventType "swiss"]
[EventRounds "7"]
[EventCountry "CAN"]

1. e4 d6 2. d4 Nf6 3. Nc3 g6 4. Be3 c6 5. f3 b5 6. Qd2 Nbd7 7. g4 Qa5 8. h4 Nb6 9. h5 Bg7 10. e5 Nfd5 11. Nxd5 Qxd2+ 12. Bxd2 Nxd5 13. h6 Bf8 14. a4 Ba6 15. axb5 Bxb5 16. c4 dxe5 17. dxe5 Bxc4 18. Bxc4 e6 19. Ne2 Bc5 20. Rc1 Bb6 21. Bxd5 cxd5 22. Bb4 Kd7 23. Kd2 Rhc8 24. Rxc8 Rxc8 25. Rc1 Rb8 26. Bc3 Bc5 27. Kd3 Be7 28. Ra1 Bc5 29. Nd4 Rb6 30. Rxa7+ Ke8 31. Ra8+ Ke7 32. Rh8 Bxd4 33. Kxd4 Rc6 34. Rxh7 Rc4+ 35. Ke3 Rc8 36. Bb4+ Kd7 37. Rxf7+ Kc6 38. Bf8 Rb8 39. b4 Ra8 40. h7 Ra3+ 41. Kf4 g5+ 42. Kxg5 Rb3 43. h8=Q d4 44. Bc5 d3 45. Qb8 d2 46. Qb7# 1-0

[Event "Morphy"]
[Site "Gatineau CAN"]
[Date "2025.01.14"]
[Round "1"]
[White "Thibault, Mario"]
[Black "Bergeron-Collin, Laurent"]
[Result "1-0"]
[Annotator "hugh_"]
[WhiteElo "1545"]
[BlackElo "1070"]
[WhiteFideId "-1"]
[WhiteFideId "-1"]
[PlyCount "93"]
[GameId "2135377793734396"]
[EventDate "2025.01.14"]
[EventType "swiss"]
[EventRounds "7"]
[EventCountry "CAN"]

{[%evp 0,93,17,22,20,14,21,22,34,30,40,40,35,7,15,-10,-6,-20,-20,-13,8,-26,11,-53,-54,48,-22,-81,-25,-109,-115,-109,-67,-136,-168,-175,-111,-173,-332,-190,-199,-211,-155,-261,-232,-277,-346,-353,-383,-382,-135,-231,-53,15,74,-32,-4,0,13,-17,-16,-67,-89,1,139,3,-107,-80,17,-72,-59,-86,-70,-94,-84,-87,95,114,152,103,212,-19,787,553,29991,1616,29987,864,1044,0,1013,1348,1386,1395,1407,1406]} 1. e4 c6 2. d4 d5 3. e5 c5 4. dxc5 Nc6 5. Nf3 e6 6. c3 Bxc5 7. Bb5 Nge7 8. b4 Bb6 9. O-O O-O 10. Qe2 Nf5 11. Rd1 f6 12. Bxc6 bxc6 13. c4 a5 14. Ba3 axb4 15. Bxb4 Re8 16. Qc2 fxe5 17. Nxe5 Nd4 18. Rxd4 Bxd4 19. Nxc6 Qf6 20. Nc3 Bb7 21. Na5 Rab8 22. Re1 dxc4 23. Nxb7 Rxb7 24. Ne4 Qf5 25. a3 g5 26. Qxc4 Ba7 27. Qe2 Bb8 28. Qh5 Rf7 29. Qe2 g4 30. g3 h5 31. Bd6 Rh7 32. Bxb8 Rxb8 33. Nd6 Qd5 34. Ne4 Rf8 35. Qb2 Rhf7 36. Qc2 Qa5 37. Rf1 Qxa3 38. Ng5 Rg7 39. Nxe6 h4 40. Nxg7 h3 41. Qg6 Qb2 42. Ne6+ Kh8 43. Qxg4 Qf6 44. Nxf8 Qxf8 45. Qxh3+ Kg8 46. Rc1 Qd8 47. Rc8 1-0

[Event "Morphy"]
[Site "Gatineau CAN"]
[Date "2025.01.14"]
[Round "1"]
[White "Thibeault, Alain"]
[Black "Arsenault, Michel"]
[Result "0-1"]
[WhiteElo "1394"]
[BlackElo "1837"]
[WhiteFideId "-1"]
[WhiteFideId "-1"]
[PlyCount "86"]
[GameId "2136988882833527"]
[EventDate "2025.01.14"]
[EventType "swiss"]
[EventRounds "7"]
[EventCountry "CAN"]

1. e4 c5 2. Nc3 Nc6 3. Nf3 e5 4. Bb5 d6 5. O-O Be7 6. d3 Nf6 7. Nh4 Nxe4 8. dxe4 Bxh4 9. g3 Bf6 10. Nd5 O-O 11. Bxc6 bxc6 12. Nxf6+ Qxf6 13. f4 Ba6 14. Rf2 Rfd8 15. Qg4 Bc8 16. f5 h6 17. Qh5 d5 18. g4 dxe4 19. Be3 g6 20. Qxh6 Qg7 21. Qxg7+ Kxg7 22. f6+ Kh7 23. g5 Be6 24. Bxc5 Rd5 25. Be7 Rh8 26. Re1 Bf5 27. h4 Kg8 28. Rh2 e3 29. Bb4 Rd4 30. Ree2 Rxb4 31. Rxe3 Rhxh4 32. Rxh4 Rxh4 33. Rxe5 Rg4+ 34. Kf2 Rxg5 35. Re8+ Kh7 36. Re7 Be6 37. Rxa7 Rf5+ 38. Ke3 Rxf6 39. a4 g5 40. a5 g4 41. Rb7 g3 42. Rb4 g2 43. Rh4+ Kg7 0-1

[Event "Morphy"]
[Site "Gatineau CAN"]
[Date "2025.01.14"]
[Round "1"]
[White "Thompson, Francis"]
[Black "Berthiaume, Serge"]
[Result "1-0"]
[WhiteElo "1777"]
[BlackElo "1320"]
[WhiteFideId "-1"]
[WhiteFideId "-1"]
[PlyCount "49"]
[GameId "2135377793529588"]
[EventDate "2025.01.14"]
[EventType "swiss"]
[EventRounds "7"]
[EventCountry "CAN"]
[TimeControl "1"]

1. Nf3 d5 2. g3 Nf6 3. Bg2 c5 4. O-O Nc6 5. d4 cxd4 6. Nxd4 e5 7. Nxc6 bxc6 8. c4 h6 9. Nc3 Bb4 10. Nxd5 Nxd5 11. cxd5 c5 12. a3 Ba5 13. b4 Bb6 14. Bb2 cxb4 15. Bxe5 O-O 16. d6 Bd7 17. axb4 Rb8 18. Bd4 Bb5 19. Bc5 Re8 20. Re1 Re5 21. Rc1 Bxc5 22. bxc5 Rc8 23. c6 Re6 24. c7 Qf6 25. d7 1-0

[Event "Morphy"]
[Site "Gatineau CAN"]
[Date "2025.01.14"]
[Round "1"]
[White "Viel, Simon"]
[Black "Azar, Sebastien"]
[Result "0-1"]
[Annotator "hugh_"]
[WhiteElo "1525"]
[BlackElo "2180"]
[WhiteFideId "-1"]
[WhiteFideId "-1"]
[PlyCount "64"]
[GameId "2135377793525491"]
[EventDate "2025.01.14"]
[EventType "swiss"]
[EventRounds "7"]
[EventCountry "CAN"]

{[%evp 0,64,22,23,14,-13,17,15,-32,14,10,8,14,14,6,9,-8,-18,0,-3,-55,5,-3,-1,16,13,-1,-7,9,4,-24,18,-24,-11,-35,94,-28,-37,0,-24,-31,-97,-209,-314,-193,-278,-193,-295,-300,-261,-274,-164,-381,-50,-355,-352,-332,-342,-295,-363,-370,-67,-419,-178,-327,-185,-426]} 1. e4 c5 2. c3 Nf6 3. e5 Nd5 4. d4 cxd4 5. cxd4 d6 6. Nf3 Nc6 7. Nc3 dxe5 8. Nxe5 Nxe5 9. dxe5 Nxc3 10. Qxd8+ Kxd8 11. bxc3 Kc7 12. Bd3 e6 13. Be4 Bd7 14. Rb1 Bc6 15. Bxc6 Kxc6 16. Be3 b6 17. Ke2 Bc5 18. Rhd1 Rhd8 19. Bxc5 Kxc5 20. Rxd8 Rxd8 21. Rd1 Rxd1 22. Kxd1 Kd5 23. Kd2 Kxe5 24. Kd3 Kd5 25. f3 b5 26. g3 a5 27. h3 Kc5 28. Kd2 Kc4 29. Kc2 e5 30. Kd2 f5 31. h4 a4 32. Kc2 e4 0-1

[Event "Morphy"]
[Site "Gatineau CAN"]
[Date "2025.01.21"]
[Round "2"]
[White "Azar, Sebastien"]
[Black "Thompson, Francis"]
[Result "1-0"]
[WhiteElo "2180"]
[BlackElo "1777"]
[WhiteFideId "-1"]
[WhiteFideId "-1"]
[PlyCount "45"]
[GameId "2136988882833524"]
[EventDate "2025.01.14"]
[EventType "swiss"]
[EventRounds "7"]
[EventCountry "CAN"]

1. Nf3 Nf6 2. g3 g6 3. Bg2 Bg7 4. d4 O-O 5. O-O d5 6. c4 c5 7. cxd5 cxd4 8. d6 Qxd6 9. Qxd4 Qxd4 10. Nxd4 Nbd7 11. Nc3 a6 12. Rd1 Rb8 13. a4 e5 14. Nf3 Re8 15. Be3 Ng4 16. Nd5 Nxe3 17. fxe3 Nf6 18. Nc7 Re7 19. Rd8+ Bf8 20. Rc1 Kg7 21. g4 Rd7 22. Ne8+ Nxe8 23. Rxe8 1-0

[Event "Morphy"]
[Site "Gatineau CAN"]
[Date "2025.01.21"]
[Round "2"]
[White "Bergeron-Collin, Laurent"]
[Black "Thibeault, Alain"]
[Result "1-0"]
[WhiteElo "1070"]
[BlackElo "1394"]
[WhiteFideId "-1"]
[WhiteFideId "-1"]
[PlyCount "67"]
[GameId "2138721250798947"]
[EventDate "2025.01.14"]
[EventType "swiss"]
[EventRounds "7"]
[EventCountry "CAN"]

1. d4 Nf6 2. Bf4 g6 3. e3 Bg7 4. Nd2 O-O 5. Ngf3 d6 6. c3 Bg4 7. Bd3 e5 8. Bg5 h6 9. Bxf6 Bxf6 10. h3 Bxf3 11. Qxf3 c6 12. Ne4 Bg7 13. h4 f5 14. Qg3 fxe4 15. Bxe4 g5 16. d5 c5 17. Qg4 Nd7 18. Qe6+ Kh8 19. hxg5 Qxg5 20. Qxd7 Rf6 21. Rh2 Raf8 22. g3 R8f7 23. Qc8+ Bf8 24. Ke2 Qg7 25. Rah1 Rd7 26. Ke1 Qe7 27. Rxh6+ Rxh6 28. Rxh6+ Kg8 29. Rh7 Qxh7 30. Bxh7+ Rxh7 31. Qe6+ Rf7 32. g4 Kg7 33. g5 Be7 34. g6 1-0

[Event "Morphy"]
[Site "Gatineau CAN"]
[Date "2025.01.21"]
[Round "2"]
[White "Berthiaume, Serge"]
[Black "Viel, Simon"]
[Result "0-1"]
[WhiteElo "1320"]
[BlackElo "1525"]
[WhiteFideId "-1"]
[WhiteFideId "-1"]
[PlyCount "72"]
[GameId "2136988882833522"]
[EventDate "2025.01.14"]
[EventType "swiss"]
[EventRounds "7"]
[EventCountry "CAN"]

1. d4 d5 2. Bf4 Nf6 3. h3 Bf5 4. Nf3 e6 5. e3 c5 6. Bb5+ Nc6 7. Ne5 Qa5+ 8. Nc3 Rc8 9. Qe2 c4 10. a3 Ne4 11. O-O Nxc3 12. Bxc6+ bxc6 13. bxc3 Qxc3 14. Rfc1 Bxa3 15. Rxa3 Qxa3 16. Qd2 f6 17. Nf3 O-O 18. Nh4 Bg6 19. Nxg6 hxg6 20. c3 Rf7 21. Rb1 a5 22. Qc2 g5 23. Bg3 Ra7 24. Rb2 Qf8 25. Qa4 c5 26. Rb5 cxd4 27. exd4 Rca8 28. Rc5 Qe8 29. Qa2 a4 30. Qa3 Rb7 31. Rc7 Rxc7 32. Bxc7 Qc6 33. Bg3 Qb6 34. Qe7 a3 35. Bd6 a2 36. Qxe6+ Kh8 0-1

[Event "Morphy"]
[Site "Gatineau CAN"]
[Date "2025.01.21"]
[Round "2"]
[White "Chenier, Raphael"]
[Black "Latreille, Etienne"]
[Result "0-1"]
[WhiteElo "1723"]
[BlackElo "2075"]
[WhiteFideId "-1"]
[WhiteFideId "-1"]
[PlyCount "54"]
[GameId "2138721250798946"]
[EventDate "2025.01.14"]
[EventType "swiss"]
[EventRounds "7"]
[EventCountry "CAN"]
[TimeControl "90+30"]

1. e4 c5 2. Nf3 Nc6 3. d4 cxd4 4. Nxd4 g6 5. Nc3 Bg7 6. Be3 Nf6 7. Bc4 O-O 8. f3 Qb6 9. Qd2 Nxe4 10. fxe4 Bxd4 11. Bxd4 Qxd4 12. Qxd4 Nxd4 13. O-O-O Nc6 14. Rhf1 d6 15. Nd5 Be6 16. Bb3 Rac8 17. Rf2 Kg7 18. Kd2 b5 19. Ke3 Ne5 20. h3 Rfe8 21. c3 Rc5 22. Rfd2 a5 23. a3 Rb8 24. Rd4 Bxd5 25. Rxd5 Rc7 26. R1d4 Nd7 27. g4 Nf6 0-1